000 00882cab a2200265 4500
001 WB3316-23
008 090401t1997 xxu||||| |||| 00| 0 eng d
035 _a(Sirsi) u77914
041 _aeng
245 _aContaminated property
260 _c1997
350 _a0
490 _aEstates Gazette
_v(9716) 19 April 1997,125(1)
520 _aDiscusses the more`liberal` view on the meaning of `damage`where there is contaminated property. Considers emissions from nuclear plants and the Merlin and Blue Circle decisions.
650 _aBLUE CIRCLE INDUSTRIES PLC V MOD
650 _aCONTAMINATED PROPERTY
650 _aDAMAGE TO PROPERTY
650 _aHUNTER V LONDON DOCKLANDS DEVELOPMENT CORPORATION
650 _aMERLIN V BRITISH NUCLEAR FUELS
650 _aRYLANDS V FLETCHER
650 _aSMITH NEW COURT
690 _aLAND
942 _n0
948 _c23/04/1997
999 _c48997
_d48997